Hmotná zodpovednosť
Predchádzanie škodám - povinnosti zamestnávateľa a povinnosti zamestnanca. Zodpovednosť zamestnanca za škodu. Dohoda o hmotnej zodpovednosti. Spoločná hmotná zodpovednosť. Odstúpenie od dohody o hmotnej zodpovednosti. Zánik dohody o hmotnej zodpovednosti.
Salvato in:
| Autore principale: | |
|---|---|
| Natura: | Capitolo di libro |
| Lingua: | slovacco |
| Soggetti: | |
| Tags: |
Nessun Tag, puoi essere il primo ad aggiungerne!!
|
MARC
| LEADER | 00000naa a2200000 4500 | ||
|---|---|---|---|
| 001 | 0190657 | ||
| 005 | 20231109104616.4 | ||
| 041 | 0 | |a slo | |
| 044 | |a SK | ||
| 245 | 1 | 0 | |a Hmotná zodpovednosť |c Jarmila Strählová |
| 520 | |a Predchádzanie škodám - povinnosti zamestnávateľa a povinnosti zamestnanca. Zodpovednosť zamestnanca za škodu. Dohoda o hmotnej zodpovednosti. Spoločná hmotná zodpovednosť. Odstúpenie od dohody o hmotnej zodpovednosti. Zánik dohody o hmotnej zodpovednosti. | ||
| 610 | 2 | 0 | |a zodpovednosť za škody |
| 610 | 2 | 0 | |a zodpovednosť hmotná |
| 610 | 2 | 0 | |a zamestnanci |
| 610 | 2 | 0 | |a zamestnávatelia |
| 610 | 2 | 0 | |a dohody |
| 610 | 2 | 0 | |a zákonník práce |
| 100 | 1 | |a Strählová, Jarmila | |